00293nam a2200133Ia 4500008004100000100002000041245002700061250000600088260002300094260000900117300000700126365000700133999001900140151001s9999||||xx |||||||||||||| ||und|| apradaip biswas athree women directors  a1 b"arsenal, kolkata" c2011 a56 b21 c999217d999214